Indice de riesgo para el intento suicida en México /

El siguiente artículo presenta una metodología para la construcción de un índice de riesgo de los intentos de suicidio a partir de un grupo de personas con ideación suicida en México. Para su construcción se tomaron variables como edad, estado civil, religión, ocupación, tipo de población, migración...

全面介紹

Guardado en:
書目詳細資料
主要作者: Borges, Guilherme
其他作者: Orozco, Ricardo, Medina Mora, María Elena
格式: Texto
主題:
標簽: 添加標簽
沒有標簽, 成為第一個標記此記錄!

MARC

LEADER 00000 a a2200000 04500
001 46310
003
040
100 |a Borges, Guilherme  
245 |a Indice de riesgo para el intento suicida en México /  |c Guilherme Borges, Ricardo Orozco, María Elena Medina Mora  
520 |a El siguiente artículo presenta una metodología para la construcción de un índice de riesgo de los intentos de suicidio a partir de un grupo de personas con ideación suicida en México. Para su construcción se tomaron variables como edad, estado civil, religión, ocupación, tipo de población, migración a Estados Unidos, consumo de alcohol y drogas, síntomas de depresión, conducta problemática y abuso sexual.  
590 |a RRH/JUNIO2014  
650 |a 1) SUICIDIO  
650 |a 2) INDICES  
650 |a 3) SALUD  
650 |a 4) CONDICIONES SOCIALES  
650 |a 5) PSICOLOGIA  
650 |a 6) DEPRESION  
650 |a 7) ABUSO SEXUAL  
650 |a 8) MEXICO  
700 |a Orozco, Ricardo  
700 |a Medina Mora, María Elena  
773 |g volumen54, número6 ( , 2012), páginas 595-606 : tablas  
999 |c 29216  |d 29216